Nuclear bombs quiz - Statistics

General Stats
  • This quiz has been taken 30 times
  • The average score is 3 of 5
Answer Stats
Question Answer % Correct
Bomb that hit Nagasaki? Fat man
96%
Bomb that hit Hiroshima? Little boy
96%
Most powerful bomb detonated? Tsar Bomba
78%
Most powerful bomb in the U.S? The {B83} Bomb
15%
Weakest Nuclear bomb? The {W54} Bomb
11%
No matching quizzes found
Score Distribution
Percent of People with Each Score
Percentile by Number Answered
Your Score History
You have not taken this quiz